[Event "Wch U08 rapid"]
[Site "Minsk"]
[Date "2018.06.23"]
[Round "7"]
[White "Volodin, Alexandr E"]
[Black "Makarevich, Dzmitry"]
[Result "0-1"]
[WhiteElo "1200"]
[BlackElo "1432"]
[PlyCount "104"]
[EventDate "2018.06.22"]
[EventType "swiss (rapid)"]
[EventRounds "9"]
[EventCountry "BLR"]
[SourceTitle "EXT 2019"]
[Source "ChessBase"]
[SourceDate "2018.10.10"]
[SourceVersion "1"]
[SourceVersionDate "2018.10.10"]
[SourceQuality "1"]

1. e4 e5 2. Nf3 Nc6 3. Bb5 Nge7 4. c3 g6 5. 0-0 Bg7 6. d4 exd4 7. cxd4 0-0 8. Nc3 d5 9. e5 f6 10. exf6 Rxf6 11. Re1 Bg4 12. Bg5 Rf7 13. Bxc6 bxc6 14. Re3 Qd6 15. Bxe7 Rxe7 16. Rxe7 Qxe7 17. Qd3 Re8 18. Re1 Qxe1+ 19. Nxe1 Rxe1+ 20. Qf1 Rxf1+ 21. Kxf1 Bxd4 22. f3 Bf5 23. Ne2 Bd3 24. Ke1 Bxe2 25. Kxe2 Bxb2 26. Kd3 Kf7 27. g3 h5 28. f4 Kf6 29. h4 Kf5 30. Ke3 d4+ 31. Kf3 c5 32. Kf2 d3 33. Ke3 c4 34. Kd2 Kg4 35. Ke3 Bc1+ 36. Kf2 d2 37. Ke2 c3 38. Kd1 Kxg3 39. Kc2 Kxf4 40. Kd1 Kf3 41. Kc2 Ke2 42. Kb3 d1Q+ 43. Kc4 c2 44. Kb3 Be3 45. Kc4 Qd4+ 46. Kb3 Bd2 47. a3 Qc3+ 48. Ka4 Qa5+ 49. Kb3 c1N+ 50. Kc2 Qa4+ 51. Kb1 Qb3+ 52. Ka1 Qa2# 0-1

[Event "Wch U08 rapid"]
[Site "Minsk"]
[Date "2018.06.22"]
[Round "3"]
[White "Movahed, Sina"]
[Black "Volodin, Alexandr E"]
[Result "1/2-1/2"]
[WhiteElo "1554"]
[BlackElo "1200"]
[PlyCount "120"]
[EventDate "2018.06.22"]
[EventType "swiss (rapid)"]
[EventRounds "9"]
[EventCountry "BLR"]
[SourceTitle "EXT 2019"]
[Source "ChessBase"]
[SourceDate "2018.10.10"]
[SourceVersion "1"]
[SourceVersionDate "2018.10.10"]
[SourceQuality "1"]

1. e4 c5 2. d4 cxd4 3. Nf3 e6 4. Nxd4 a6 5. Nc3 b5 6. Be2 Qc7 7. 0-0 d6 8. Be3 Nf6 9. f3 Bb7 10. a3 Nbd7 11. Kh1 Be7 12. Qd2 0-0 13. Rac1 Rfd8 14. Nd1 Ne5 15. Nf2 Rac8 16. b3 d5 17. f4 Nc6 18. e5 Nd7 19. b4 Nb6 20. Bxb5 Nxd4 21. Qxd4 Nc4 22. Bxc4 dxc4 23. Qb6 Qb8 24. Rcd1 Rc6 25. Rxd8+ Bxd8 26. Qd4 Bb6 27. Qd2 Bxe3 28. Qxe3 Rc8 29. c3 Qc7 30. Rd1 Qc6 31. Qg3 Qa4 32. Qg5 Qe8 33. Ng4 Kh8 34. Rd6 h6 35. Qh5 Kh7 36. f5 Rd8 37. h3 Rxd6 38. exd6 Qc6 39. Ne3 Qxd6 40. Qxf7 Qg3 41. Qxb7 Qxe3 42. fxe6 Qxe6 43. Qf3 Qe1+ 44. Kh2 Qe5+ 45. Qg3 Qf6 46. Qg4 Qd6+ 47. Qg3 Qe6 48. Qf4 Qd5 49. Qf3 Qd6+ 50. Qg3 Qe6 51. Qc7 Qd5 52. Qf4 Qe6 53. Qd4 Qf7 54. Qb6 Qf4+ 55. Kh1 Qc1+ 56. Kh2 Qxa3 57. Qd4 Qb3 58. Qe4+ Kh8 59. Qe8+ Kh7 60. Qe4+ Kh8 1/2-1/2